Ron mi-Shomron : (Record no. 30915)

MARC details
000 -LEADER
fixed length control field 00520cam a22002051a 4500
001 - CONTROL NUMBER
control field he 65000229
003 - CONTROL NUMBER IDENTIFIER
control field DLC
005 - DATE AND TIME OF LATEST TRANSACTION
control field 20260227111428.0
008 - FIXED-LENGTH DATA ELEMENTS--GENERAL INFORMATION
fixed length control field 930512s1964 is a 000 0 heb
010 ## - LIBRARY OF CONGRESS CONTROL NUMBER
LC control number he 65000229
035 ## - SYSTEM CONTROL NUMBER
System control number (OCoLC)28097483
040 ## - CATALOGING SOURCE
Original cataloging agency DLC
Transcribing agency CLU
Modifying agency DLC
042 ## - AUTHENTICATION CODE
Authentication code premarc
050 00 - LIBRARY OF CONGRESS CALL NUMBER
Classification number PZ90.H3
Item number D39
100 1# - MAIN ENTRY--PERSONAL NAME
Personal name Deshe, Mikhaʼel.
245 10 - TITLE STATEMENT
Title Ron mi-Shomron :
Remainder of title sipur li-yeladim.
260 ## - PUBLICATION, DISTRIBUTION, ETC.
Place of publication, distribution, etc. Tel Aviv :
Name of publisher, distributor, etc. Yavneh,
Date of publication, distribution, etc. [1964]
300 ## - PHYSICAL DESCRIPTION
Extent 197 p. :
Other physical details ill. ;
Dimensions 25 cm.
500 ## - GENERAL NOTE
General note Vocalized.

No items available.

Powered by Koha